Comparison of cassava varieties at royal university of agriculture ការប្រៀបធៀបពូជដំឡូងមីក្នុងលក្ខ័ខណ្ឌសាកលវិទ្យាល័ភូមិន្ឬកសិកម្ម (Record no. 1052)
[ view plain ]
| 000 -LEADER | |
|---|---|
| fixed length control field | 00617nam a22001577a 4500 |
| 003 - CONTROL NUMBER IDENTIFIER | |
| control field | OSt |
| 005 - DATE AND TIME OF LATEST TRANSACTION | |
| control field | 20150922111149.0 |
| 008 - FIXED-LENGTH DATA ELEMENTS--GENERAL INFORMATION | |
| fixed length control field | 150922b xxu||||| |||| 00| 0 eng d |
| 040 ## - CATALOGING SOURCE | |
| Transcribing agency | RUA |
| 082 ## - DEWEY DECIMAL CLASSIFICATION NUMBER | |
| Classification number | AGR KAN 2007 B035 Or.1 |
| 100 ## - MAIN ENTRY--PERSONAL NAME | |
| 9 (RLIN) | 1097 |
| Personal name | KANG, TITHYA. |
| 245 ## - TITLE STATEMENT | |
| Title | Comparison of cassava varieties at royal university of agriculture ការប្រៀបធៀបពូជដំឡូងមីក្នុងលក្ខ័ខណ្ឌសាកលវិទ្យាល័ភូមិន្ឬកសិកម្ម |
| 260 ## - PUBLICATION, DISTRIBUTION, ETC. (IMPRINT) | |
| Place of publication, distribution, etc. | Phnom Penh |
| Name of publisher, distributor, etc. | RUA |
| Date of publication, distribution, etc. | 2007 |
| 300 ## - PHYSICAL DESCRIPTION | |
| Extent | xiii, 47p. |
| Other physical details | ill. |
| Dimensions | 29cm. |
| 942 ## - ADDED ENTRY ELEMENTS (KOHA) | |
| Source of classification or shelving scheme | |
| Koha item type | AGR |
| Price effective from | Date last seen | Permanent Location | Not for loan | Date acquired | Source of classification or shelving scheme | Koha item type | Lost status | Withdrawn status | Date last checked out | Total Checkouts | Shelving location | Damaged status | Barcode | Current Location | Full call number |
|---|---|---|---|---|---|---|---|---|---|---|---|---|---|---|---|
| 2015-09-22 | 2015-09-22 | Library Block B | 2015-09-22 | AGR | B035 | RUA002667 | Library Block B | AGR KAN 2007 B035 Or.1 | |||||||
| 2015-09-22 | 2015-09-22 | Library Block B | 2015-09-22 | AGR | B035 | RUA002591 | Library Block B | AGR KAN 2007 B035 Or.2 | |||||||
| 2015-09-22 | 2026-06-03 | Library Block B | 2015-09-22 | AGR | 2026-05-20 | 2 | B035 | RUA002596 | Library Block B | AGR KAN 2007 B035 Or.3 | |||||
| 2015-09-22 | 2017-09-11 | Library Block B | 2015-09-22 | AGR | 2017-08-21 | 1 | B035 | RUA002528 | Library Block B | AGR KAN 2007 B035 Or.4 | |||||
| 2015-09-22 | 2022-11-23 | Library Block B | 2015-09-22 | AGR | 2022-10-28 | 2 | B035 | RUA002492 | Library Block B | AGR KAN 2007 B035 Or.5 | |||||
| 2015-09-22 | 2022-11-23 | Library Block B | 2015-09-22 | AGR | 2022-10-28 | 1 | B035 | RUA002803 | Library Block B | AGR KAN 2007 B035 Or.6 |